| 000 | 00520nam a22001817a 4500 | ||
|---|---|---|---|
| 003 | CEME | ||
| 005 | 20210628205515.0 | ||
| 008 | 210305b xxu||||| |||| 00| 0 eng d | ||
| 020 | _a0-8247-8724-2 | ||
| 040 | _c. | ||
| 082 | _a621.367 MAT'D | ||
| 100 |
_aDougherty, Edward.R _975827 |
||
| 245 | _aMathematical morphology in image processing | ||
| 260 |
_aNEWYORK _bMARCEL DEKKER _c1993 |
||
| 300 | _aXVI,530P | ||
| 650 |
_aIMAGE PROCESSING-MATHEMATICS IMAGE PROCESSING-STATISTICAL METHODS _975828 |
||
| 942 |
_cBK _2ddc |
||
| 999 |
_c581242 _d581242 |
||